Úlohy na rozvíjanie vyšších úrovní poznávania u žiakov 1. ročníka ZŠ osvedčená pedagogická skúsenosť edukačnej praxe - výťah

Bibliographic Details
Main Author: Thomková, Iveta (Author)
Format: Article
Language:Slovak
PhysicalDescription:Obr.
ISSN:1335-0404
Subjects:
Online Access:www.rozhlady.pedagog.sk

MARC

LEADER 00000nab a2200000 a 4500
001 vtls010573199
003 SK-MaSNL
005 20260305000556.0
008 150305c2013 xo br|p|||an |000 b|slo
015 |a SNBRB2014/01 
038 |a SPK 
040 |a SPKCL  |b slo  |c AACR2  |e AACR2 
041 0 |a slo  |b slo  |b eng 
044 |a xo  |c SK 
072 7 |a 159.95  |x Vyššie duševné procesy  |2 konspekt 
072 7 |a 373.2/.3  |x Predškolská a primárna výchova a vzdelávanie  |2 konspekt 
080 |a 159.954  |2 2001 
080 |a 159.95  |2 2001 
100 1 |a Thomková, Iveta  |4 aut  |9 1575227 
245 1 0 |a Úlohy na rozvíjanie vyšších úrovní poznávania u žiakov 1. ročníka ZŠ  |b osvedčená pedagogická skúsenosť edukačnej praxe - výťah  |c Iveta Thomková 
300 |b Obr. 
504 |a Bibliogr. odkazy 
546 |a Res. angl., slov. 
650 0 7 |a kreativita  |2 snkbucl  |9 4339 
650 0 7 |a poznávanie  |2 snkbucl  |9 17474 
650 0 7 |a základné školy  |2 snkbucl  |9 1280 
650 0 7 |a ročník prvý  |2 snkbucl  |9 1046229 
773 0 |t Pedagogické rozhľady  |g Roč. 22, č. 1(2013), s. 25-27  |x 1335-0404 
852 |a SPK  |b KIS3GCP 
856 4 1 |u www.rozhlady.pedagog.sk 
958 |a NB  |2 spk 
999 |c 3214509  |d 3216439